000 00590nam a2200217Ia 4500
003 OSt
005 20220926014832.0
006 a|||||r|||| 00| 0
007 ta
008 220923b |||||||| |||| 00| 0 eng d
037 _cGeneral Book
040 _aRTL
_cRTL
_beng
041 _2eng
_aeng
082 _aXxM99, L2
100 _aKalecki Michal
245 0 _aLast phase in the transformation of capitalism
260 _aNew York
_bMonthly Review Press
_c1972
300 _a124p
_ccm.
942 _hXxM99, L2
_cGB
_2CC
999 _c629970
_d629970